Improving learning in Uganda (Record no. 42396)
[ view plain ]
| 000 -LEADER | |
|---|---|
| fixed length control field | 01465nam a2200349Ia 4500 |
| 082 04 - DEWEY DECIMAL CLASSIFICATION NUMBER | |
| Classification number | 371.7/16096761 |
| 245 00 - TITLE STATEMENT | |
| Title | Improving learning in Uganda |
| 260 ## - PUBLICATION, DISTRIBUTION, ETC. (IMPRINT) | |
| Place of publication | Washington, DC : |
| Name of publisher | International Bank for Reconstruction and Development/The World Bank, |
| Year of publication | [2013] |
| 300 ## - PHYSICAL DESCRIPTION | |
| Number of Pages | xxii, 87 p. : |
| Other physical details | ill. |
| 500 ## - GENERAL NOTE | |
| General note | "A World Bank study". |
| 650 #0 - SUBJECT ADDED ENTRY--TOPICAL TERM | |
| Topical Term | School children |
| Topical Term | Children |
| 700 1# - ADDED ENTRY--PERSONAL NAME | |
| Personal name | Najjumba, Innocent Mulindwa. |
| 856 40 - ELECTRONIC LOCATION AND ACCESS | |
| Uniform Resource Identifier | http://site.ebrary.com/lib/rucke/Doc?id=10644881 |
No items available.
